Normale Ansicht MARC-Ansicht ISBD

Geschichte des Handwerks in Brandenburg (Titelsatznr. 80435)

[ MARC ]
MARC-Details
000 -Satzkennung
Kontrollfeld mit fester Länge 00672nam a22001457a 4500
008 - Feld mit fester Länge zur physischen Beschreibung - Allgemeine Angaben
Kontrollfeld mit fester Länge 201218b ||||| |||| 00| 0 eng d
245 ## - Titel
Titel Geschichte des Handwerks in Brandenburg
Zusatz zum Titel Fotografie von 1890 bis 2000
Verfasserangabe etc. Herausgeber: Kurt Tucholsky Literaturmuseum Schloß Rheinsberg
260 ## - Publikation, Vertrieb usw. (Erscheinungsvermerk)
Erscheinungsort, Vertriebsort etc. Rheinsberg
Name des Verlags, des Vertriebs etc. Kurt Tucholsky Literaturmuseum Schloß Rheinsberg (Hrsg.)
Date of publication, distribution, etc [2016]
300 ## - Physische Beschreibung
Umfang 64 Seiten
Andere physische Details überw. Ill.
500 ## - Allgemeine Fußnote
Allgemeine Fußnote Ein Projekt im Rahmen des Themenjahres Kulturland Brandenburg 2016 "handwerk - zwischen gestern & übermorgen".
500 ## - Allgemeine Fußnote
Allgemeine Fußnote Fotografen sind in den meisten Fällen nicht bekannt.
500 ## - Allgemeine Fußnote
Allgemeine Fußnote Bildband
942 ## - Zusätzliche Felder (Koha)
Klassifikation oder Aufstellungssystematik Andere/Generische Klassifikation
Koha-Medientyp Bücher
Exemplare
Ausgeschieden Verloren Klassifikation oder Aufstellungssystematik Beschädigt Nicht entleihbar Permanenter Standort Aktueller Standort Aufstellungsort Erwerbungsdatum Kodierter Standort-Qualifier Anzahl Ausleihen Signatur Letzte Aktivität Exemplarnummer Preis gültig von Medientyp
    Andere/Generische Klassifikation     Stadtarchiv Frankfurt (Oder) | Archivbibliothek Stadtarchiv Frankfurt (Oder) | Archivbibliothek Magazin 18/12/2020 M   II: 4987 18/12/2020 36/2020 18/12/2020 Bücher